| 000 | 03121cam a2200817 4500 | ||
|---|---|---|---|
| 001 | J2605 | ||
| 008 | 090401t1994 xxu||||| |||| 00| 0 eng d | ||
| 035 | _a(Sirsi) u50030 | ||
| 041 | _aeng | ||
| 050 |
_a526.90968 _c18 |
||
| 245 | _aProceeding of the second workshop on surveying education in Southern Africa, Cape Town, 1-2 February 1994 | ||
| 260 |
_aCape Town _bUniversity of Cape Town _c1994 |
||
| 300 |
_axiv, 102p. _c21cm. |
||
| 350 | _a0 | ||
| 505 | _aSurveying education for developing nations | ||
| 505 | _aThe evolution of the University of Zimbabwe surveying degree | ||
| 505 | _aA part time postgraduate programme in GIS at the University of Cape Town | ||
| 505 | _aProfessional development: some problems and solutions from the Swaziland perspective | ||
| 505 | _aA professional land surveying progamme for the southern Africa region | ||
| 505 | _aUrbanisation and environment | ||
| 505 | _aThe training of survey assistants within ESKOM | ||
| 505 | _aEvaluation of the surveying and LIS/GIS education and training needs for Zimbabwe (and SADC region) | ||
| 505 | _aHydrography in SA Navy | ||
| 505 | _aSoem developments in education and training in hydrographic survey in South Africa | ||
| 505 | _aAspects of survey curriculum particular to Zambia | ||
| 505 | _aContinuous updating of the syllabuses of geomatics courses | ||
| 505 | _aDeveloping a degree course for technikons | ||
| 505 | _aMeeting challenges of the information technology | ||
| 505 | _aMapping, land management and administration in tribal areas of Botswana | ||
| 505 | _aLand information management in Botswana | ||
| 505 | _aThe surveyor in the year 2000 | ||
| 505 | _aNew aspects in surveying profession and education | ||
| 505 | _aAn outsider's speculations on the future of surveying education in South Africa | ||
| 505 | _aProfile of a surveyor in the year 2000 | ||
| 505 | _aEducation and training in the mapping sciences and GIS in Zimbabwe | ||
| 650 | _aBOTSWANA | ||
| 650 | _aESKOM | ||
| 650 | _aREPUBLIC OF SOUTH AFRICA | ||
| 650 | _aSWAZILAND | ||
| 650 | _aZAMBIA | ||
| 650 | _aZIMBABWE | ||
| 690 | _aCAREERS, EDUCATION AND TRAINING-CAREERS IN SURVEYING | ||
| 700 |
_aMartin, Colin _xEditor |
||
| 700 |
_aFlorek, Ryszard _xEditor |
||
| 700 | _aMakhanya, E. | ||
| 700 | _aGoodwin, D. P. | ||
| 700 | _aBarry, M. B. | ||
| 700 | _aJohnson, S. G. | ||
| 700 | _aPattison, M. C. | ||
| 700 | _aMulolwa, A. | ||
| 700 | _aSmith, T. V. | ||
| 700 | _aDavies, J. | ||
| 700 | _aTeuteberg, B. H. | ||
| 700 | _aGuy, N. R. | ||
| 700 | _aMubanga, D. | ||
| 700 | _aTembo, E. | ||
| 700 | _aFlorek, Ryszard | ||
| 700 | _aRaubenheimer, R. | ||
| 700 | _aMajde, A. | ||
| 700 | _aHabana, G. B. | ||
| 700 | _aMogotlhwane, T. M. R. | ||
| 700 | _aMerry, C. L. | ||
| 700 | _aBujakiewicz, A. | ||
| 700 | _aFourie, C. | ||
| 700 | _aGreene, O. M. | ||
| 700 | _aMatambanadzo, P. | ||
| 710 |
_aUniversity of Cape Town _bDepartment of Surveying |
||
| 710 |
_aAssociation for Surveying Educators of Southern Africa _9967 |
||
| 942 | _n0 | ||
| 948 | _c04/03/1997 | ||
| 999 |
_c92646 _d92646 |
||